000 00578nam a2200217Ii 4500
001 1614
003 CO-ViMGA
008 241108s9999||||xx |||||||||||||| ||und||
020 _a8424607805
040 _aCO-ViMGA
_bspa
_erda
_cCO-ViMGA
041 0 _aspa
082 0 4 _a553.7 P67a
100 1 _aJoan Portell
_948566
245 1 0 _aEl agua
264 1 _aMadrid, EspaƱa : La Galera, 2000
300 _avolumen
336 _atext
_btxt
_2rdacontent
337 _aunmediated
_bn
_2rdamedia
338 _avolume
_bnc
_2rdacarrier
940 _aidficha_siabuc: 1581. -- ficha_no_siabuc:1614
999 _c43208
_d43208